00421nam a2200157Ia 450000500170000000800460001702000180006304000140008104100130009508400120010810000180012024500570013826000310019530000150022665000220024120250620120725.0008 250516s9999 xx 000 0 eng d a9780443156106 bengcSDCL aeng2eng aD:81 R4 aXing, Liudong 0aReliability and resilience in the internet of things aLondon :bElsevier,c2024. axix, 353p. aComputer Network